| 000 | 00722nam a2200289Ia 4500 | ||
|---|---|---|---|
| 001 | Z_2825 | ||
| 003 | CHAP | ||
| 008 | 220113s1998 xx 000 0 und d | ||
| 010 | _a165896 | ||
| 020 | _a84-7114-710-6 | ||
| 040 | _cCHAP | ||
| 082 | _a636.08 B83 | ||
| 100 | _aBuxadé Carbó, Carlos coord. | ||
| 245 |
_aAlojamientos e instalaciones / _cCoord. por Carlos Buxadé Carbó |
||
| 260 |
_aMadrid : _bMundi-Prensa, _c1998 |
||
| 300 | _a2 v. | ||
| 503 | _a204352, 226179,226180 | ||
| 650 |
_aGanadería _944604 |
||
| 650 |
_aGanado _xAlojamiento _944890 |
||
| 650 |
_aLeche _xProducción _965400 |
||
| 901 | _a636.08 B83 | ||
| 902 | _aM | ||
| 910 | _a1998 | ||
| 942 | _c1 | ||
| 942 | _cc1 | ||
| 999 |
_c165896 _d165896 |
||